00790cam a2200217 i 450000100060000000300090000600500170001500800390003201500170007104000350008808000100012310000430013324500940017626000550027030000280032550400360035365000140038965000300040371000410043385600980047412126KOSZ 00520200504145202.0070703s1969 pl a f 001 0 pol aPB 1970/1279 aWA NcKOSZ 005/HRdKOSZ 005/HR a004.31 aWaligórski, Stanisławc(informatyk)10aUkłady przełączające :belementy teorii i projektowania /cStanisław Waligórski. aWarszawa :bWydawnictwa Naukowo-Techniczne,c1969. a307 s. :bil. ;c23 cm. aBibliogr. s. [301]-303. Indeks. 4aKomputery 4aUkład przełączający2 aWydawnictwa Naukowo-Techniczne4pbl. uhttp://koha.tu.koszalin.pl/cgi-bin/koha/opac-detail.pl?biblionumber=12126yKatalog online BPK